| 000 | 01828nam0a2200361 4500 | ||
|---|---|---|---|
| 001 | RU\NLR\BIBL_A\011907162 | ||
| 005 | 20190123111225.0 | ||
| 010 |
_a978-5-00108-399-3 _93000 |
||
| 021 |
_aRU _bКН-П-18-093046 _9КН-П-18-6745 |
||
| 035 | _a(NLR Aleph) 011907162 | ||
| 035 | _a(RuMoRGB)009829647 | ||
| 090 |
_a10915006 _c10915006 |
||
| 100 | _a20190111d2019 d y0rusy50 ca | ||
| 101 | 0 | _arus | |
| 102 | _aRU | ||
| 105 | _a |||z|||000 y | ||
| 200 | 1 |
_aПривидение - это к счастью _e[детективная история + дневник следователя _eдля среднего школьного возраста] _fСветлана Лаврова, Ольга Колпакова _gрисунки Елены Кузнецовой |
|
| 210 |
_aМосква _cИздательский Дом Мещерякова _d2019 [т.е. 2018] |
||
| 215 |
_a170, [5] с. _cил. _d22 |
||
| 225 | 1 |
_aДетективная история _v6 |
|
| 225 | 1 | _aСерия "Детективное агентство "Соседи" | |
| 300 | _aКн. фактически изд. в 2018 г. | ||
| 333 | _a12+ | ||
| 686 | 0 | _aШ9(2)62=Р7-4 | |
| 700 | 1 |
_7ca _8rus _aЛаврова _bС. А. _cканд. мед. наук, писатель _f1964- _gСветлана Аркадьевна _98967 _3RU\NLR\AUTH\7725922 |
|
| 701 | 1 |
_7ca _8rus _aКолпакова _bО. В. _f1972- _gОльга Валериевна _966263 _3RU\NLR\AUTH\7783335 |
|
| 702 | 1 |
_4040 _7ca _8rus _aКузнецова _bЕ. Д. _cхудожник-иллюстратор, дет. литература _f1961- _gЕлена Дмитриевна _941957 _3RU\NLR\AUTH\7759025 |
|
| 942 | _cBOOK | ||
| 980 | _aNBR | ||
| 980 | _aNB | ||